MLB team names in French - Statistics

General Stats
  • This quiz has been taken 36 times
  • The average score is 23 of 30
Answer Stats
French clue Full team name % Correct
Tigres Detroit Tigers
97%
Anges Los Angeles Angels
97%
Marlins Miami Marlins
97%
Nationaux Washington Nationals
97%
Rouges Cincinnati Reds
94%
Astronomes Houston Astros
94%
Royaux Kansas City Royals
94%
Pirates Pittsburgh Pirates
94%
Chaussettes rouges Boston Red Sox
90%
Géants San Francisco Giants
90%
Cardinaux St. Louis Cardinals
90%
Geais bleus Toronto Blue Jays
90%
Chaussettes blanches Chicago White Sox
87%
Américains New York Yankees
84%
Diamantins Arizona Diamondbacks
81%
Gardiens Cleveland Guardians
81%
Phouliches Philadelphia Phillies
81%
Raies Tampa Bay Rays
81%
Marins Seattle Mariners
77%
Rocheuses Colorado Rockies
68%
Brasseurs Milwaukee Brewers
68%
Citadins New York Mets
68%
Sportifs Oakland Athletics
68%
Gardes-forestiers Texas Rangers
65%
Jeunes lions Chicago Cubs
61%
Jumelles Minnesota Twins
61%
Loriots Baltimore Orioles
52%
Guerriers Atlanta Braves
48%
Prêtres San Diego Padres
48%
Tire-au-flanc Los Angeles Dodgers
42%
No matching quizzes found
Score Distribution
Percent of People with Each Score
Percentile by Number Answered
Your Score History
You have not taken this quiz